Tilastot visalle Schengen-maat

Klikkaa tästä pelataksesi tätä visaa!

Yleistilastot

  • Tätä visaa on pelattu 27 kertaa
  • Keskiarvotulos 25 / 27

Vastaustilastot

Schengen% Oikein
Puola
100%
Tšekki
100%
Belgia
96%
Espanja
96%
Italia
96%
Latvia
96%
Liettua
96%
Portugali
96%
Ranska
96%
Ruotsi
96%
Slovakia
96%
Suomi
96%
Sveitsi
96%
Tanska
96%
Viro
96%
Alankomaat
92%
Islanti
92%
Luxemburg
92%
Norja
92%
Saksa
92%
Slovenia
92%
Itävalta
84%
Kreikka
84%
Kroatia
80%
Liechtenstein
80%
Unkari
80%
Malta
68%

Tulosjakauma

Persentiili vastausten määrän mukaan

Jokaisen tuloksen saaneiden osuus

Tuloshistoriasi

Et ole pelannut tätä visaa